000 00811cpcaa2200241 4500
001 mm 83001136
003 DLC
005 20260227111718.0
008 830304|||||||||||| dut
010 _amm 83001136
040 _aDLC
_cDLC
_edacs
_dDLC
041 _adut
_afre
072 7 _aC
_2lcmd
245 0 0 _aAmerica-Dutch colonies collection,
_f1647-1664.
300 _a74
_fitems.
506 0 _aOpen to research.
533 _aIn part, handwritten transcripts.
_b[S.l.].
546 _aCollection material in Dutch, with French.
580 _aForms part of: Miscellaneous Manuscripts collection.
651 0 _aNetherlands
_xColonies
_zAmerica.
999 _c43850
_d43850